| 000 | 01149nam a22002657a 4500 | ||
|---|---|---|---|
| 005 | 20100928110826.0 | ||
| 008 | 100928t xxu||||| |||| 00| 0 mar d | ||
| 010 | _aMAR-20329 | ||
| 020 |
_c95.00 _a9788177866049 |
||
| 035 | _aMR-12987 | ||
| 037 | _bDBAD / PUB | ||
| 040 |
_aDPL _bMR |
||
| 082 | _a158.1 | ||
| 100 |
_922134 _aसरश्री |
||
| 245 |
_aहसत हसत खरं जीवन कसं जगाव ? / _cसरश्री |
||
| 246 |
_aSirshree _bby Hasat Hasat Khara Jivan |
||
| 260 |
_aऔरंगाबाद _bसाकेत प्रकाशन _c2010 |
||
| 270 |
_a115,म.गांधीनगर स्टेशनरोड _bऔरंगाबाद _e431005 |
||
| 300 |
_a128पृ _c21सेमी (अजिल्द) |
||
| 650 |
_922255 _aव्यक्तित्व विकास |
||
| 650 |
_922256 _aPersonality Development |
||
| 700 | _922381 | ||
| 942 |
_2ddc _cMR _h158.1 _mसरश्री |
||
| 999 |
_c48067 _d48067 |
||